| 000 | 00643nam a2200205 a 4500 | ||
|---|---|---|---|
| 005 | 20220916063604.0 | ||
| 008 | 140623s2006 mx r 000 0 spa d | ||
| 020 | _a1403475512 | ||
| 035 | _aUPN01000198220 | ||
| 049 | _aI | ||
| 050 | 4 |
_aTP857.3 _bR6.5 |
|
| 100 | 1 |
_aRoyston, Angela, _d1945- _933768 |
|
| 245 | 1 | 0 |
_aMiremos unas canicas / _cAngela Royston. |
| 260 |
_aIllinois, E.U.A. : _bHeinemann Library, _c2006. |
||
| 300 |
_a24 p. : _bil. col. |
||
| 440 | 0 |
_aDetectives de materiales : vidrio. _pLee y aprende |
|
| 650 | 4 |
_aVIDRIO - _vLITERATURA INFANTIL _916239 |
|
| 650 | 7 |
_aLibros ilustrados para niƱos _2 _921365 |
|
| 905 | _aInfantil | ||
| 999 |
_c170321 _d170321 |
||